Antología

Guardat en:
Dades bibliogràfiques
Autor principal: Valle, Juvencio (Autor)
Format: Llibre
Idioma:espanyol
Publicat: Santiago Zig-Zag 1966
Col·lecció:Colección antologías
Matèries:
Etiquetes: Afegir etiqueta
Sense etiquetes, Sigues el primer a etiquetar aquest registre!

MARC

LEADER 00000cam a2200000 a 4500
001 UCX2764
003 CL-VaPUC
008 910808e19660000CL |||||||||||||||||spa|d
082 0 4 |a Ch861  |b VAL  |2 21 
100 0 |a Valle, Juvencio  |e author  |9 318844 
245 1 0 |a Antología 
300 |a 145 p 
942 |c BK 
945 |d 19910808 00:00:00 
260 |a Santiago  |b Zig-Zag  |c 1966 
650 7 |a POESIAS CHILENA  |2 CL-VaPUC  |9 318845 
650 7 |a SANTOLOGIAS LITERARIAS  |2 CL-VaPUC  |9 318846 
583 |a last modification  |c 20140814 11:48:06  |k Rodrigo Vera 
490 0 |a Colección antologías 
999 |c 223712  |d 223710 
952 |0 0  |1 0  |4 0  |6 CH_861_000000000000000_VAL_1966  |7 0  |8 A  |9 219753  |a BIBEDU  |b BIBEDU  |d 2019-11-15  |i 1450263  |o Ch861 VAL 1966  |p 1450263  |r 2019-11-15  |w 2019-11-15  |y BK  |k LIT 
952 |0 0  |1 0  |4 0  |6 CH_861_000000000000000_VAL_1966  |7 0  |8 A  |9 219754  |a BIBEDU  |b BIBEDU  |d 2019-11-15  |i 1453823  |o Ch861 VAL 1966  |p 1453823  |r 2019-11-15  |w 2019-11-15  |y BK  |k LIT 
952 |0 0  |1 0  |3 erb  |4 0  |6 CH_861_000000000000000_VAL_1966  |7 0  |8 X  |9 219755  |a FDOBUD  |b FDOBUD  |i 4998553  |o Ch861 VAL 1966  |p 4998553  |r 2019-11-15  |w 2019-11-15  |y BK_X  |z Catalogado en:20140814  |k BUD